LEADER 01382nam0-2200409---450- 001 990000969730203316 005 20091211130405.0 010 $a88-13-18583-9 035 $a0096973 035 $aUSA010096973 035 $a(ALEPH)000096973USA01 035 $a0096973 100 $a20020219d1995----km-y0ITAy01------ba 101 $aita 102 $aIT 105 $a||||||||001yy 200 1 $aCodice penale pel Granducato di Toscana 1853$fpresentazione di Mario Da Passano ... 205 $aRist. anast 210 $aPadova$cCEDAM$d1995 215 $a1 v. (paginazione varia)$d25 cm 225 $aCasi, fonti e studi per il diritto penale$hSer. 2$iLe fonti$v5 410 1$12001$aCasi, fonti e studi per il diritto penale$hSer. 2$iLe fonti$v5 606 $aCodice penale$yToscana < 676 $a345.455002632 702 1$aDA PASSANO,$bMario 710 02$aToscana $0262230 801 0$aIT$bsalbc$gISBD 912 $a990000969730203316 951 $aXXVI.1. Coll. 4/ 5 (COLL HOR 5)$b8114 G$cXXVI.1. Coll. 4/ 5 (COLL HOR)$d00249415 959 $aBK 969 $aGIU 979 $aPATTY$b90$c20020219$lUSA01$h1445 979 $c20020403$lUSA01$h1739 979 $aPATRY$b90$c20040406$lUSA01$h1707 979 $aRSIAV5$b90$c20091211$lUSA01$h1304 996 $aCodice penale pel Granducato di Toscana (1853$9679393 997 $aUNISA LEADER 02939 am 2200805 n 450 001 9910348252503321 005 20190125 010 $a2-7297-1048-5 024 7 $a10.4000/books.pul.16965 035 $a(CKB)4100000009763202 035 $a(FrMaCLE)OB-pul-16965 035 $a(oapen)https://directory.doabooks.org/handle/20.500.12854/43088 035 $a(PPN)241653967 035 $a(EXLCZ)994100000009763202 100 $a20210809j|||||||| ||| 0 101 0 $afre 135 $auu||||||m|||| 181 $ctxt$2rdacontent 182 $cc$2rdamedia 183 $acr$2rdacarrier 200 14$aLes Chemins de la manifestation $e1848-1914 /$fVincent Robert 210 $aLyon $cPresses universitaires de Lyon$d2019 215 $a1 online resource (398 p.) 311 $a2-7297-0548-1 330 $aÀ la veille de la Grande Guerre, bien des observateurs notaient que les Français commençaient à s'habituer à la liberté de la rue, et que les cortèges de manifestants, catholiques ou nationalistes, pacifistes ou révolutionnaires, n'attiraient plus les foudres de l'autorité. Par quelles voies et à quel moment les manifestations, « symptôme non équivoque d'anarchie » en 1848 encore, sont-elles devenues une forme normale d'expression politique des citoyens ? La réponse a été cherchée dans le foisonnement des cortèges rituels, convois funéraires et processions, carnavals et conduites compagnonniques, qui sillonnaient l'espace d'une grande ville, le Lyon de la deuxième moitié du xixe siècle, dans les cris et les chants, sur les bannières et les pancartes : comment le politique naît du folklore et des traditions, qu'il nourrit à son tour. 517 $aChemins de la manifestation 606 $aHistory 606 $amanifestation 606 $afête 606 $afête populaire 606 $acortège 606 $atradition 606 $afolklore 606 $arevendication 606 $agrève 606 $alutte ouvrière 606 $alutte politique 606 $aurbanisme 606 $aville 610 $aurbanisme 610 $amanifestation 610 $aville 610 $afête 610 $afête populaire 610 $alutte politique 610 $acortège 610 $agrève 610 $afolklore 610 $alutte ouvrière 610 $arevendication 610 $atradition 615 4$aHistory 615 4$amanifestation 615 4$afête 615 4$afête populaire 615 4$acortège 615 4$atradition 615 4$afolklore 615 4$arevendication 615 4$agrève 615 4$alutte ouvrière 615 4$alutte politique 615 4$aurbanisme 615 4$aville 700 $aRobert$b Vincent$01285180 801 0$bFR-FrMaCLE 906 $aBOOK 912 $a9910348252503321 996 $aLes Chemins de la manifestation$93039983 997 $aUNINA